Ošklivé kačátko /

Hlavní autor: Johansen, Iris, 1938-
Další autoři: Libosvárská, Lenka
Jazyk: Čeština
Vydáno: Frýdek-Místek : Alpress, 1999
Vydání: Vyd. 1.
Edice: Klokan (Alpress)
Témata:
Externí odkaz: Digitalizovaný dokument
Fyzický popis: 366 s. ; 21 cm
Knihy
Uloženo v:
LEADER 01294nam a2200361 a 4500
001 000417822
003 CZ BrMZK
005 20130305144617.0
007 ta
008 990315s1999 xr cze d
015 |a cnb000693711 
020 |a 80-7218-186-6 
035 |a (OCoLC)42604881 
040 |a BOA001  |b cze 
072 7 |a 821.111(73)-3  |x Americká próza  |2 Konspekt  |9 25 
080 |a 821.111(73)-31  |2 MRF 
080 |a (0:82-31)  |2 MRF 
100 1 |a Johansen, Iris,  |d 1938-  |7 xx0000125  |4 aut 
245 1 0 |a Ošklivé kačátko /  |c Iris Johansenová ; [z angličtiny přeložila Lenka Libosvárská] 
250 |a Vyd. 1. 
260 |a Frýdek-Místek :  |b Alpress,  |c 1999 
300 |a 366 s. ;  |c 21 cm 
490 1 |a Klokan (Alpress) 
500 |a Dostupné též v digitální podobě v aplikaci Kramerius 
655 7 |a americké romány  |7 fd131796  |2 czenas 
700 1 |a Libosvárská, Lenka  |7 ola2004212043  |4 trl 
765 0 |t <<The >>ugly duckling 
830 0 |a Klokan (Alpress)  |0 s 
856 4 1 |u http://www.digitalniknihovna.cz/mzk/uuid/uuid:f4c476a0-b80a-11e8-bbaa-005056827e52  |y Digitalizovaný dokument  |x NDK 
910 |a BOA001  |b 2-1060.214 
990 |a BK 
991 |f B-JOH 
996 6 |b 2610094091  |c 2-1060.214  |l MZK  |r Sklad / do 1 hodiny  |n 42  |p p.v.  |w 000417822  |u 000010  |a 1  |e BOA001  |j MZK50  |s P